<?xml version="1.0" encoding="UTF-8"?>
<record
    xmlns:xsi="http://www.w3.org/2001/XMLSchema-instance"
    xsi:schemaLocation="http://www.loc.gov/MARC21/slim http://www.loc.gov/standards/marcxml/schema/MARC21slim.xsd"
    xmlns="http://www.loc.gov/MARC21/slim">

  <leader>00648nam a2200193   4500</leader>
  <controlfield tag="005">20260306163650.0</controlfield>
  <controlfield tag="008">260306b        |||||||| |||| 00| 0 eng d</controlfield>
  <datafield tag="020" ind1=" " ind2=" ">
    <subfield code="a">978-81-19772-02-5</subfield>
  </datafield>
  <datafield tag="040" ind1=" " ind2=" ">
    <subfield code="a">National Science Library</subfield>
    <subfield code="c">National Science Library</subfield>
  </datafield>
  <datafield tag="080" ind1=" " ind2=" ">
    <subfield code="a">821.214.21 CHA</subfield>
    <subfield code="b">Q4.2</subfield>
  </datafield>
  <datafield tag="245" ind1=" " ind2=" ">
    <subfield code="a">&#x92A;&#x943;&#x925;&#x94D;&#x935;&#x940; &#x916;&#x94B;&#x91C;&#x924;&#x940; &#x939;&#x94B; &#x905;&#x92A;&#x928;&#x93E; &#x939;&#x94B;&#x928;&#x93E;</subfield>
    <subfield code="c">&#x92D;&#x93E;&#x917;-2</subfield>
  </datafield>
  <datafield tag="246" ind1=" " ind2=" ">
    <subfield code="a">Prithvee khojtee ho apna hona </subfield>
  </datafield>
  <datafield tag="260" ind1=" " ind2=" ">
    <subfield code="a">Bhopal:</subfield>
    <subfield code="b">Aisect Publications,</subfield>
  </datafield>
  <datafield tag="300" ind1=" " ind2=" ">
    <subfield code="a">368p.</subfield>
  </datafield>
  <datafield tag="490" ind1=" " ind2=" ">
    <subfield code="a">&#x935;&#x93F;&#x91C;&#x94D;&#x91E;&#x93E;&#x928; &#x915;&#x935;&#x93F;&#x924;&#x93E; &#x915;&#x94B;&#x936;</subfield>
  </datafield>
  <datafield tag="650" ind1=" " ind2=" ">
    <subfield code="a">Hindi literature</subfield>
  </datafield>
  <datafield tag="700" ind1=" " ind2=" ">
    <subfield code="a">Choubey, Santosh (Ed.)</subfield>
  </datafield>
  <datafield tag="942" ind1=" " ind2=" ">
    <subfield code="2">udc</subfield>
    <subfield code="c">HBK</subfield>
  </datafield>
  <datafield tag="999" ind1=" " ind2=" ">
    <subfield code="c">67868</subfield>
    <subfield code="d">67868</subfield>
  </datafield>
  <datafield tag="952" ind1=" " ind2=" ">
    <subfield code="0">0</subfield>
    <subfield code="1">0</subfield>
    <subfield code="2">udc</subfield>
    <subfield code="4">0</subfield>
    <subfield code="6">82121421_CHA_Q42</subfield>
    <subfield code="7">0</subfield>
    <subfield code="9">183459</subfield>
    <subfield code="a">NSL</subfield>
    <subfield code="b">NSL</subfield>
    <subfield code="c">GF/REF/Rk-1/C-2/R-5</subfield>
    <subfield code="d">2025-02-21</subfield>
    <subfield code="h">Part-2</subfield>
    <subfield code="l">0</subfield>
    <subfield code="o">821.214.21 CHA Q4.2</subfield>
    <subfield code="p">291099</subfield>
    <subfield code="r">2026-03-06 16:28:00</subfield>
    <subfield code="w">2025-02-21</subfield>
    <subfield code="y">HBK</subfield>
  </datafield>
</record>
